Loading...
| Science - Biology | 0 | 7 | 4 | 1 | 50 | 81 | 97.57 | 0 | 4 |
| Science - Other Science | 0 | 5 | 0 | 2 | 50 | 87 | 106.80 | 0 | 2 |
| Other | 0 | 3 | 0 | 1 | 30 | 68 | 84.33 | 0 | 2 |
| Science - Physics | 0 | 4 | 3 | 0 | 25 | 92 | 106.75 | 1 | 1 |
| Literature - American Literature | 0 | 2 | 0 | 1 | 20 | 132 | 140.00 | 0 | 0 |
| Fine Arts - Painting & Sculpture | 0 | 2 | 0 | 0 | 20 | 122 | 129.00 | 0 | 1 |
| Fine Arts - Other Fine Arts | 0 | 2 | 0 | 1 | 20 | 130 | 133.50 | 0 | 0 |
| Science - Chemistry | 0 | 3 | 2 | 1 | 20 | 114 | 124.67 | 0 | 1 |
| Literature - World Literature | 0 | 1 | 0 | 1 | 10 | 135 | 135.00 | 0 | 0 |
| Mythology | 0 | 2 | 2 | 0 | 10 | 18 | 62.50 | 2 | 2 |
| Literature - British Literature | 0 | 1 | 0 | 0 | 10 | 126 | 126.00 | 0 | 0 |
| Philosophy | 0 | 1 | 0 | 0 | 10 | 123 | 123.00 | 0 | 0 |
| Literature - European Literature | 0 | 1 | 0 | 0 | 10 | 146 | 146.00 | 0 | 0 |
| Social Science | 0 | 1 | 1 | 0 | 5 | 92 | 92.00 | 0 | 1 |
| History - World History | 0 | 1 | 1 | 0 | 5 | 85 | 85.00 | 0 | 1 |
| Fine Arts - Classical Music | 0 | 1 | 1 | 0 | 5 | 123 | 123.00 | 0 | 0 |
| History - Other History | 0 | 1 | 2 | 0 | 0 | 83 | 83.00 | 0 | 0 |
| Religion | 0 | 0 | 1 | 0 | -5 | 0.00 | 0 | 0 |